000 00267nam a2200109Ia 4500
008 190914s9999||||xx |||||||||||||| ||und||
100 _aStuart T. Miller
245 0 _aMastering Modern European History
260 _aIndia
_bOxford
_c2004
300 _a263
942 _cBK
999 _c10018
_d10018